| 000 | 01259nam a2200217Ia 4500 | ||
|---|---|---|---|
| 003 | Ost | ||
| 005 | 20260507075130.0 | ||
| 008 | 260507s9999||||xx |||||||||||||| ||und|| | ||
| 040 | _cfsecg | ||
| 041 | _aara | ||
| 082 | _a330 | ||
| 100 |
_aزويف، هشام _eمؤلف |
||
| 245 | 0 |
_aشرح قانون الضرائب على الدخل : _bالمنظومة المتكاملة للقانون رقم91 لسنة 2005 / _c هشام زويف |
|
| 260 |
_aالقاهرة: _bالمركز القومي للإصدرات القانونية, _c2005 |
||
| 300 |
_a370 صفحة؛ _bإيضاحات ؛ _c24 سم |
||
| 520 | _aالقانون رقم 91 لسنة 2005 باصدار قانون الضريبة على الدخل- أحكام عامة- الضريبة على دخل الاشخاص الطبيعين- الضريبة على الأرباح- الاشخاص الإعتبارية- الضريبة المستقطعة من المنبع- الخصم والتحصيل والدفعات تحت حساب الضريبة- الإلتزمات الممولين وغيرهم- الجرائم والعقوبات- أحكام ختامية. | ||
| 653 | _aالضرائب | ||
| 653 | _aقانون الضرائب | ||
| 700 |
_aزويف، محسن _eمؤلف ثانوي |
||
| 942 | _cكتاب | ||
| 999 |
_c43203 _d43203 |
||